000 00270nam a2200121Ia 4500
008 190216s9999||||xx |||||||||||||| ||und||
100 _aGarber
245 0 _aCytogenetics
260 _bTata Mcgrawhill Publishers
_c1974
300 _a259p
650 _aBotany
942 _cBK
999 _c1340
_d1340